Controle externo no século XXI : (Record no. 35)

MARC details
000 -LÍDER
Campo Fixo de Controle 01076cam a2200277 a 4500
001 - NÚMERO DE CONTROLE
Campo de Controle 35
003 - IDENTIFICAÇÃO DO NÚMERO DE CONTROLE
Campo de Controle BR-CuiBMT
005 - DATA E HORA DA ÚLTIMA ATUALIZAÇÃO
Campo de Controle 20231110234859.0
008 - DADOS FIXOS
Dados Fixos 230804s2022 mbg 000 0 por d
020 ## - INTERNATIONAL STANDARD BOOK NUMBER
Nº do ISBN 9786555183382
040 ## - AGÊNCIA CATALOGADORA
Código da Agência Catalogadora BR-CuiBMT
Agência que transcreveu o registro BR-CuiBMT
080 ## - Nº DA CLASSIFICAÇÃO DECIMAL UNIVERSAL
Nº edição CDU 2007
Nº Class. CDU 35.078.3
090 ## - NÚMERO DE CHAMADA
Nº classificação 3.078.3
Cutter C764
245 00 - TÍTULO PRINCIPAL
Título principal Controle externo no século XXI :
Subtítulo homenagem a Sebastião Helvecio conselheiro, educador e cidadão do mundo /
Indicação de responsabilidade Cláudio Couto Terrão, Durval Ângelo Andrade, coordenadores ; prefácio Mauri Torres ; [autores Adircélio de Moraes Ferreira Júnior ... et al.].
260 ## - PUBLICAÇÃO, DISTRIBUIÇÃO, ETC.
Local de publicação Belo Horizonte :
Editora Fórum,
Data 2022.
300 ## - DESCRIÇÃO FÍSICA
N. páginas ou volumes 354 p. ;
Dimensões 22 cm
500 ## - NOTAS GERAIS
Notas gerais Vários autores.
504 ## - NOTA DE BIBLIOGRAFIA, ETC.
Nota de bibliografia Inclui bibliografia.
600 1# - ASSUNTO -- NOME PESSOAL
Nome pessoal Helvecio, Sebastião
Subdivisão geral Controle externo
650 ## - ASSUNTO TÓPICO
Cabeçalho tópico ou nome geográfico Controle externo
Subdivisão cronológica Séc. XXI
650 ## - ASSUNTO TÓPICO
Cabeçalho tópico ou nome geográfico Finanças públicas
Subdivisão geral Auditoria
Subdivisão geográfica Séc. XXI
700 1# - ENTRADA SECUNDÁRIA -- NOME PESSOAL
Nome pessoal Terrão, Cláudio Couto
Cód. do termo explicativo coord.
700 1# - ENTRADA SECUNDÁRIA -- NOME PESSOAL
Nome pessoal Andrade, Durval Ângelo
Cód. do termo explicativo coord.
700 1# - ENTRADA SECUNDÁRIA -- NOME PESSOAL
Nome pessoal Ferreira Júnior, Adircélio de Moraes
Termo de relação et al.
-- autores
942 ## - ELEMENTOS DE ENTRADA ADICIONAIS (KOHA)
Fonte de classificação ou esquema de arquivamento Classificação Decimal Universal
Tipo de item do Koha Livros
Holdings
Estado: removido Estado: perdido Fonte de classificação ou esquema de arquivamento Estado: danificado Indisponível para empréstimo Localização permanente Localização atual Data de aquisição Total Checkouts Número de Chamada completo Código de barras Date last seen Número do exemplar Preço efetivo a partir de Tipo de item (Koha)
    Classificação Decimal Universal     Biblioteca da Escola Superior de Contas do TCE/MT Biblioteca da Escola Superior de Contas do TCE/MT 28/06/2023   35.078.3 C764 BIBTCEMT23080011 04/08/2023 Ex. 1 04/08/2023 Livros
    Classificação Decimal Universal     Biblioteca da Escola Superior de Contas do TCE/MT Biblioteca da Escola Superior de Contas do TCE/MT 27/11/2023   35.078.3 C764 BIBTCEMT23111151 27/11/2023 Ex. 2 27/11/2023 Livros
    Classificação Decimal Universal     Biblioteca da Escola Superior de Contas do TCE/MT Biblioteca da Escola Superior de Contas do TCE/MT 27/11/2023   35.078.3 C764 BIBTCEMT23111152 27/11/2023 Ex. 3 27/11/2023 Livros
    Classificação Decimal Universal     Biblioteca da Escola Superior de Contas do TCE/MT Biblioteca da Escola Superior de Contas do TCE/MT 27/11/2023   35.078.3 C764 BIBTCEMT23111153 27/11/2023 Ex. 4 27/11/2023 Livros
    Classificação Decimal Universal     Biblioteca da Escola Superior de Contas do TCE/MT Biblioteca da Escola Superior de Contas do TCE/MT 27/11/2023   35.078.3 C764 BIBTCEMT23111154 27/11/2023 Ex. 5 27/11/2023 Livros

Powered by Koha